LEADER 01204nam a2200277 a 4500 001 000000144252 003 CaOOAMICUS 005 20150622161631.0 008 150622s1987 it u000 u ita r 040 $aPUL$bita 245 00$aCatechesi per cristiani adulti :$bproposte ed esperienze /$cPino Scabini (ed.) ; C. Nosiglia ... [et al.]. 260 $aRoma :$bEdizioni Paoline,$c1987. 300 $a303 p. ;$c21 cm 490 1 $aAndate e annunciate. Studi e ricerche ;$v09 504 $aBibliografia p. 260-297. 650 4$aCatechesi.$0(OLS)http://pul/subject/4492 700 1 $aScabini, Pino,$d1926-2009.$0(OLS)http://pul/name/30480 700 1 $aNosiglia, Cesare.$0(OLS)http://pul/name/92581 830 0$aAndate e annunciate.$pStudi e ricerche ;$v09.$0(OLS)http://pul/title/172374 850 $aPUL 852 $aPUL$W1$xDP1 Fondo S. Lanza$y121$m3 E 7$j166333$qFondi$B166925$CPULBib$Z2$F166925 $HLan708 $82 941 1 $a1 961 $aNota ms. di possesso: Sergio Lanza 996 $6245$aCatechesi per cristiani adulti :$bproposte ed esperienze$9(OLS)http://pul/title/182527 996 $6260$aRoma :$bEdizioni Paoline$9(OLS)http://pul/publisher/47933 LEADER 01230nam a2200301 a 4500 001 000000153841 003 CaOOAMICUS 005 20160913165825.0 008 160913s1952 it u000 u ita r 032 $aLibriCat 040 $aPUL$bita 041 1 $aita$hfre 100 1 $aAncel, Alfred,$cvesc. coad. di Lione.$0(OLS)http://pul/name/57641 240 03$aLa mentalité bourgeoise.$lItaliano.$0(OLS)http://pul/title/193385 245 10$aMentalità borghese /$cAlfred Ancel ; premessa e traduzione di Giovanni Barra. 260 $aPinerolo :$bAlzani,$c©1952. 300 $a108 p. ;$c18 cm. 490 1 $aIl nostro tempo (Alzani) 650 4$aBorghesia$xStudi.$0(OLS)http://pul/subject/39723 650 4$aClassi sociali.$0(OLS)http://pul/subject/19126 700 1 $aBarra, Giovanni,$csac.$0(OLS)http://pul/name/870 830 3$aIl nostro tempo (Alzani).$0(OLS)http://pul/title/193382 850 $aPUL 852 $aPUL$W1$xDP1 Fondo G. Barberini$y122$m4 C 17$j74873$qFondi$B179808$CPULBib$Z2$F179808 $HBar1803 $81 941 1 $a1 996 $6245$aMentalità borghese$9(OLS)http://pul/title/193384 996 $6260$aPinerolo :$bAlzani$9(OLS)http://pul/publisher/66783